00709cam a22002291 4500001001300000003000400013005001700017008004100034010001700075035002000092040003700112050001700149100002600166245003200192260005200224300003000276440002200306500007200328504003100400650003300431999001500464af 49000160 DLC20260227110914.0840223s1944 be f b 000 0 fre c aaf 49000160  a(OCoLC)10450626 aNew York. Public Libr.cDSIdDLC00aNB671.T6bR61 aRolland, Paul,d1896-13aLa sculpture tournaisienne. a[Bruxelles]bÉditions du Cercle d'art,c1944. a34 p.b32 plates.c25 cm. 2aL'Art en Belgique aEach plate accompanied by guard sheet with descriptive letterpress. a"Bibliographie": p. 31-34. 0aSculpturezBelgiumzTournai. c6505d6505